<?xml version="1.0" encoding="UTF-8"?>
<record
    xmlns:xsi="http://www.w3.org/2001/XMLSchema-instance"
    xsi:schemaLocation="http://www.loc.gov/MARC21/slim http://www.loc.gov/standards/marcxml/schema/MARC21slim.xsd"
    xmlns="http://www.loc.gov/MARC21/slim">

  <leader>00668nam a2200181 a 4500</leader>
  <controlfield tag="001">BRCA_9158</controlfield>
  <controlfield tag="005">20190321142936.0</controlfield>
  <controlfield tag="008">270918s1687----gw-a######---#000-0#ger-#</controlfield>
  <datafield tag="041" ind1=" " ind2=" ">
    <subfield code="a">ger</subfield>
  </datafield>
  <datafield tag="044" ind1=" " ind2=" ">
    <subfield code="a">gw</subfield>
  </datafield>
  <datafield tag="050" ind1=" " ind2="4">
    <subfield code="b">.V57 1687</subfield>
  </datafield>
  <datafield tag="245" ind1="1" ind2="0">
    <subfield code="a">Viridarii adriatici elysia, oder de&#xDF; um den venetianischen Golfo florierenden Lust-Gartens sch&#xF6;nes Lust-Hau&#xDF;</subfield>
    <subfield code="b">so da ist, die in selbigem ligende weltber&#xFC;hmte, grosse Haupt-Statt und m&#xE4;chtige Republic Venedig, deroselben Ursprung ...</subfield>
  </datafield>
  <datafield tag="260" ind1=" " ind2=" ">
    <subfield code="a">Augsburgo</subfield>
    <subfield code="b">Jacob Enderlings Buchhandlers</subfield>
    <subfield code="c">1687</subfield>
  </datafield>
  <datafield tag="300" ind1=" " ind2=" ">
    <subfield code="a">70 p.</subfield>
    <subfield code="b">il. 32 l&#xE1;minas, 15 h. plegables</subfield>
    <subfield code="c">16 cm.</subfield>
  </datafield>
  <datafield tag="500" ind1=" " ind2=" ">
    <subfield code="a">CDE16</subfield>
  </datafield>
  <datafield tag="902" ind1=" " ind2=" ">
    <subfield code="a">GFM</subfield>
  </datafield>
  <datafield tag="942" ind1=" " ind2=" ">
    <subfield code="2">lcc</subfield>
    <subfield code="c">B</subfield>
  </datafield>
  <datafield tag="999" ind1=" " ind2=" ">
    <subfield code="c">8805</subfield>
    <subfield code="d">8805</subfield>
  </datafield>
  <datafield tag="952" ind1=" " ind2=" ">
    <subfield code="0">0</subfield>
    <subfield code="1">0</subfield>
    <subfield code="4">0</subfield>
    <subfield code="7">0</subfield>
    <subfield code="a">BRCA</subfield>
    <subfield code="b">BRCA</subfield>
    <subfield code="d">2018-09-27</subfield>
    <subfield code="i">CDE16</subfield>
    <subfield code="l">0</subfield>
    <subfield code="o">.V57 1687 (CDE16)</subfield>
    <subfield code="p">9937</subfield>
    <subfield code="r">2019-03-22 00:00:00</subfield>
    <subfield code="w">2019-03-22</subfield>
    <subfield code="y">B</subfield>
  </datafield>
</record>
